| 000 | 00347nam a2200133Ia 4500 | ||
|---|---|---|---|
| 008 | 220216s9999 xx 000 0 und d | ||
| 100 | _aDe Padirac R | ||
| 245 | 0 | _aFuture of natural rubber market | |
| 260 |
_bRevue Generale des Caoutchous et Plastiques _c1991 |
||
| 300 | _aP 35-7 | ||
| 500 | _aSource Year: 1992 | ||
| 856 | _uATA | ||
| 942 | _cJS | ||
| 999 |
_c59700 _d59700 |
||